04086cam4a22016934i 4500003000900000005001700009008004100026020001800067035002000085040004300105082002200148100004200170245014300212250002300355526000900378526000900387526001000396526001000406526001000416526001000426526001000436526001000446526001000456526001000466526001000476526001000486526001000496526001000506526001000516526001000526526001000536526001000546526001000556526001000566526001000576526001000586526001000596526001000606526001000616526001000626526001000636526001000646526001000656526001000666526001000676526001000686526001000696526001000706526001000716526001000726526001000736526001000746526001000756526001000766526001000776526001000786526001000796526001000806526001000816526001000826526001000836526000900846526000900855526000900864526000900873526000900882526000900891526000900900526000900909526000900918526000900927526000900936526000900945526000900954526000900963526000900972526000900981526000900990526000900999526000901008526000901017526000901026526000901035526000901044526000901053526000901062526000901071526000901080526000901089526000901098526000901107526000901116526000901125526001001134526000901144526000901153526000901162526000901171526000901180526000901189526000901198526000801207526000801215526000801223526000801231526000801239526000801247526000801255526000801263526000801271526000801279526000801287526000801295526000801303526000801311526000901319526000801328526000801336526000801344526000801352526000801360526000901368526000801377526000801385526000801393526000801401526000801409526000901417526000801426526000801434526000901442526000801451526000801459526000801467526000801475264003401483300003801517336002101555337002501576338002301601505069601624650003602320700003602356PE-LiUPU20250813165550.0110823s2011    sp      r     000 0 spa d  a9788491130475  a(Sirsi) a252856  aPE-LiUPUbspacPE-LiUPUdPE-LiUPUerda04a610.7309bM262211 aMartínez Martín, María,eautor.10aHistoria de la enfermería :bevolución histórica del cuidado enfermero /cMaría Luisa Martínez Martín, Elena Chamorro Rebollo.  aTercera edición.  aP203  aP200  aSEG65  aSEG64  aSEG63  aSEG62  aSEG61  aSEG60  aSEG59  aSEG58  aSEG57  aSEG56  aSEG55  aSEG54  aSEG53  aSEG52  aSEG51  aSEG50  aSEG49  aSEG48  aSEG47  aSEG46  aSEG24  aSEG23  aSEG22  aSEG21  aSEG20  aSEG19  aSEG18  aSEG17  aSEG16  aSEG14  aSEG13  aSEG12  aSEG11  aSEG10  aSEG09  aSEG06  aSEG05  aSEG04  aSEG03  aSEG02  aSEG68  aSEG66  aSEG45  aSEG25  aSEG01  aP163  aP162  aP161  aP160  aP159  aP158  aP157  aP156  aP155  aP154  aP153  aP152  aP151  aP150  aP149  aP142  aP141  aP140  aP139  aP138  aP137  aP132  aP131  aP130  aP126  aP125  aP124  aP123  aP115  aP122  aP121  aP116  a P114  aP112  aP111  aP104  aP103  aP102  aP101  aP100  aP96  aP95  aP93  aP92  aP91  aP88  aP83  aP82  aP79  aP78  aP75  aP74  aP71  aP69  a P51  aP49  aP48  aP47  aP33  aP31  a P30  aP29  aP27  aP26  aP25  aP24  a P22  aP10  aP09  a P08  aP06  aP05  aP04  aP01 1aBarcelona :bElsevier,c2016.  a174 páginas ;c23 centímetros  atext2rdacontent  aunmediated2rdamedia  avolume2rdacarrier0 a1. Etapa doméstica del cuidado -- Prehistoria -- Civilizaciones antiguas -- Mundo clásico -- 2. Etapa vocacional del cuidado -- Inicio del mundo cristiano -- Alta Edad Media -- Baja Edad Media -- Mundo moderno -- Etapa vocacional en España -- 3. Etapa técnica del cuidado -- Inicio del Mundo Contemporáneo -- La reforma de la enfermería den el siglo XIX -- El siglo XX -- La enfermería española en la etapa técnica del cuidado -- Etapa profesional del cuidado -- Cambio de milenio -- Profesionalización de la enfermería --Formación enfermera -- 5. Nuevos retos de la profesión enfermera -- El reto de investigar -- Nuevos retos docente -- Retos en la enfermera 2.0.07aEnfermeríaxHistoria.2embne.1 aChamorro Rebollo, Elenaeautor.